000 00293nam a22001337a 4500
003 SGT
020 _a9788171327645
082 _a371.9,GOE
100 _aGOEL, SUSHIL KUMAR
245 _aDIFFERENTLY ABLED CHILDREN
260 _aJAIPUR
_bPOINTER PUB.
_c2013
300 _a196
942 _2ddc
_cBK
999 _c33488
_d33488